Central Europe (Record no. 81566)

MARC details
000 -LEADER
fixed length control field 01072cab a22002295a 4500
001 - CONTROL NUMBER
control field L147548
008 - FIXED-LENGTH DATA ELEMENTS--GENERAL INFORMATION
fixed length control field 090521e20090420xxk 000 0 eng d
035 ## - SYSTEM CONTROL NUMBER
System control number (Sirsi) u147548
041 0# - LANGUAGE CODE
Language code of text/sound track or separate title eng
110 2# - MAIN ENTRY--CORPORATE NAME
Corporate name or jurisdiction name as entry element EuroProperty
9 (RLIN) 1216
245 00 - TITLE STATEMENT
Title Central Europe
260 ## - PUBLICATION, DISTRIBUTION, ETC.
Date of publication, distribution, etc. 2009
490 #0 - SERIES STATEMENT
Series statement EuroProperty
Volume/sequential designation 20 April 2009, 21-25(5)
520 ## - SUMMARY, ETC.
Summary, etc. Surveys the property investment market in central European countries and warns investors to be aware of the starkly differing state of the individual economies across the region. Commercial real estate investment in Hungary, Poland and the Czech Republic is at a standstill although take-up has been healthy and rents remain broadly stable. Tables cover Central Europe office, industrial and retail yields. Gives a positive verdict on the expansion of the retail and logistics sectors in Bratislava.
590 ## - LOCAL NOTE (RLIN)
Local note KA
651 #4 - SUBJECT ADDED ENTRY--GEOGRAPHIC NAME
Geographic name Central Europe
651 4# - SUBJECT ADDED ENTRY--GEOGRAPHIC NAME
Geographic name Czech Republic
651 4# - SUBJECT ADDED ENTRY--GEOGRAPHIC NAME
Geographic name Hungary
651 #4 - SUBJECT ADDED ENTRY--GEOGRAPHIC NAME
Geographic name Poland
690 ## - LOCAL SUBJECT ADDED ENTRY--TOPICAL TERM (OCLC, RLIN)
Topical term or geographic name as entry element PROPERTY-COMMERCIAL PROPERTY-COMMERCIAL PROPERTY FINANCE AND INVESTMENT
942 ## - ADDED ENTRY ELEMENTS (KOHA)
Suppress in OPAC 0
Holdings
Withdrawn status Lost status Source of classification or shelving scheme Damaged status Not for loan Home library Current library Shelving location Date acquired Total Checkouts Full call number Barcode Date last seen Copy number Price effective from Koha item type
    Dewey Decimal Classification     London London Journal article 21/05/2009   L147548 147548-1001 06/08/2019 1 06/08/2019 Journal article